Countries banning Transgenders/gender change - Statistics

General Stats
  • This quiz has been taken 94 times
  • The average score is 53 of 90
Answer Stats
Hint Answer % Correct
Iraq
87%
1 Afghanistan
86%
Russia
86%
Saudi Arabia
84%
Qatar
81%
Oman
80%
Morocco
77%
Algeria
75%
Yemen
75%
North Korea
74%
Syria
74%
United Arab Emirates
74%
Niger
72%
Sudan
72%
Democratic Republic of the Congo
71%
Egypt
71%
South Sudan
71%
Belarus
70%
Somalia
70%
Ethiopia
68%
Nigeria
68%
Azerbaijan
67%
Congo
67%
Djibouti
67%
Libya
67%
Mali
67%
Togo
65%
Tunisia
65%
Armenia
64%
Eritrea
64%
Kuwait
64%
Malaysia
64%
Mauritania
64%
Turkmenistan
64%
Brunei
62%
Chad
62%
Gambia
62%
Ghana
62%
Guinea
62%
Uzbekistan
62%
Zambia
62%
Zimbabwe
62%
Central African Republic
61%
Uganda
61%
Dominican Republic
59%
Guinea-Bissau
59%
Haiti
59%
Jamaica
59%
Rwanda
59%
Senegal
59%
Burundi
58%
Equatorial Guinea
58%
Tanzania
58%
Venezuela
58%
Malawi
57%
Albania
55%
Cameroon
55%
Liberia
55%
Cambodia
54%
Eswatini
54%
Guyana
54%
Myanmar
54%
Sierra Leone
54%
Maldives
52%
Tonga
52%
Comoros
51%
Fiji
51%
Vatican City
49%
Barbados
48%
Belize
48%
Guatemala
48%
Hungary
48%
Kiribati
48%
Kosovo
48%
Nauru
48%
Nicaragua
48%
Solomon Islands
48%
Bahamas
46%
Papua New Guinea
46%
Philippines
46%
Trinidad and Tobago
46%
Honduras
45%
Vanuatu
45%
Grenada
42%
Paraguay
39%
Cyprus
36%
Bulgaria
32%
Liechtenstein
32%
Slovakia
32%
Monaco
26%
No matching quizzes found
Score Distribution
Percent of People with Each Score
Percentile by Number Answered
Your Score History
You have not taken this quiz